La regulacin̤ civil y militar de las aeronaves civiles pilotadas por control remoto Comentario al RD 1036/2017, de 15 de diciembre /

Bibliographic Details
Main Author: Guerrero Lebrn̤, Mara̕ Jess︢
Format: eBook
Language:Spanish
Published: Madrid: Marcial Pons, 2018
Subjects:
Online Access:Acceso restringido

MARC

LEADER 00000nam a22000007a 4500
005 20210803235941.0
007 cr|||| ||||
008 210804s2018 es |||||s|||| 00||0 spa d
020 |a 978-84-9123-725-9 
035 |a 33653 
040 |a vLex 
090 |c 11892  |d 11892 
100 1 |a Guerrero Lebrn̤, Mara̕ Jess︢ 
245 1 2 |a  La regulacin̤ civil y militar de las aeronaves civiles pilotadas por control remoto  |h [Recurso electrn̤ico] :  |b Comentario al RD 1036/2017, de 15 de diciembre /  |c Mara̕ Jess︢ Guerrero Lebrn̤ 
256 |a Servicio en ln̕ea 
260 |a Madrid:  |b Marcial Pons,  |c 2018 
300 |a 1 recurso electrn̤ico 
500 |a El Real Decreto 1036/2017, de 15 de diciembre, por el que se regula la utilizacin̤ civil de las aeronaves pilotadas por control remoto, y se modifican el Real Decreto 552/2014, de 27 de junio, por el que se desarrolla el Reglamento del aire y disposiciones operativas comunes para los servicios y procedimientos de navegacin̤ ařea y el Real Decreto 57/2002, de 18 de enero, por el que se aprueba el Reglamento de Circulacin̤ Ařea dota al sector de un marco normativo ms̀ adecuado para el desarrollo comercial de las actividades civiles con drones. La tarea del legislador no es sencilla, y tampoco lo es la del intřprete. Lo complejo y dinm̀ico de la realidad que se regula y su carc̀ter tčnico, unido a la falta de obras jurd̕icas sobre la materia hacen especialmente complejo aproximarse a esta parcela del Derecho. A colmar esa laguna viene el libro que tienen ante ustedes. Esta obra colectiva, escrita por juristas e ingenieros, adems̀ de desentraąr su contenido regulatorio, esboza un panorama ms̀ general, incluyendo un estudio histr̤ico acerca de estos vehc̕ulos, el rǧimen de las aeronaves militares pilotadas por control remoto y el del aeromodelismo. Se abordan igualmente algunas de las cuestiones ms̀ espinosas derivadas del uso de los Remotely Piloted Aircraft Systems, como el potencial peligro que suponen los drones para el derecho a la intimidad y la privacidad de las personas o la responsabilidad que puede derivarse por los daǫs ocasionados por su uso para el operador y para el fabricante. 
506 1 |a Disponible solo en los productos indicados  |d vLex Global  |d vLex Global (Academic Edition, excluding Law Schools)  |d vLex Global (U.S. Academic Edition, Law Schools)  |d vLex Global (U.S. Academic Edition, excluding Law Schools)  |d vLex Global (Academic Edition, Law Schools) 
650 0 4 |a Derecho Mercantil y de la Empresa  |z Espaą 
740 0 |a vLex Libros (Servicio en ln̕ea) 
856 4 0 |u https://app.vlex.com/#/sources/33653  |z Acceso restringido 
942 |c BOOK 
999 0 |a Commercial and Company Law